Score 0/16 Timer 04:00
0 Plays Today
Hint Word % Correct
Large pan used to make some types of Chinese foodwok
95.5%
Popular and grumpy animated green ogreShrek
90.4%
Small, human powered boat...no, not a canoekayak
87.1%
Long, arduous journey, sometimes through the starstrek
84.6%
A large shaggy oxyak
82.3%
Large U.S. based train serviceAmtrak
79.4%
Craziness, things often run this wayamok
76.3%
This host likes to ask answers instead of questionsAlex Trebek
75.4%
Hint Word % Correct
The capital of ThailandBangkok
74.9%
Laser + Eyes + Myopia = 20/20LASIK
58.1%
Background or 'elevator' music purveyorMuzak
50.8%
Protective jacket useful in a fire fightflak
43.6%
1950's stereotype attributed to Jack Kerouacbeatnik
37.1%
Shoe manufacturer named after an African antelopeReebok
35.5%
Warm jacket useful in the arcticanorak
35%
The capital of KyrgyzstanBishkek
33.1%
Remove Ads.
Support Sporcle.
Get the best of Sporcle when you Go Orange. This ad-free experience offers more features, more stats, and more fun while also helping to support Sporcle. Thank you for becoming a member.

You're not logged in!

Compare scores with friends on all Sporcle quizzes.
OR
Log In

Show Comments

Extras

Top Quizzes Today


Score Distribution

Your Account Isn't Verified!

In order to create a playlist on Sporcle, you need to verify the email address you used during registration. Go to your Sporcle Settings to finish the process.

Report this User

Report this user for behavior that violates our Community Guidelines.

Details: